| 000 | 01326nam a22003494a 4500 | ||
|---|---|---|---|
| 001 | ebr10255039 | ||
| 003 | CaPaEBR | ||
| 006 | m u | ||
| 007 | cr cn||||||||| | ||
| 008 | 050715s2006 enka sb 001 0 eng | ||
| 010 | _z 2005020480 | ||
| 015 |
_aGBA599426 _2bnb |
||
| 016 | 7 |
_z013343457 _2Uk |
|
| 020 | _z1845930568 (alk. paper) | ||
| 020 | _z9781845930561 (alk. paper) | ||
| 040 |
_aCaPaEBR _cCaPaEBR |
||
| 035 | _a(OCoLC)71303852 | ||
| 050 | 1 | 4 |
_aSB998.N4 _bP56 2006eb |
| 082 | 0 | 4 |
_a632/.6257 _222 |
| 245 | 0 | 0 |
_aPlant nematology _h[electronic resource] / _cedited by Roland N. Perry and Maurice Moens. |
| 260 |
_aWallingford, UK ; _aCambridge, MA : _bCABI Pub., _cc2006. |
||
| 300 |
_axvi, 447 p. : _bill. |
||
| 504 | _aIncludes bibliographical references (p. 411-431) and index. | ||
| 533 |
_aElectronic reproduction. _bPalo Alto, Calif. : _cebrary, _d2013. _nAvailable via World Wide Web. _nAccess may be limited to ebrary affiliated libraries. |
||
| 650 | 0 | _aPlant nematodes. | |
| 650 | 0 | _aNematode diseases of plants. | |
| 655 | 7 |
_aElectronic books. _2local |
|
| 700 | 1 |
_aPerry, R. N. _q(Roland N.) |
|
| 700 | 1 | _aMoens, Maurice. | |
| 710 | 2 | _aebrary, Inc. | |
| 856 | 4 | 0 |
_uhttp://site.ebrary.com/lib/rucke/Doc?id=10255039 _zAn electronic book accessible through the World Wide Web; click to view |
| 999 |
_c14750 _d14750 |
||